| 000 | 00466nam a22001577a 4500 | ||
|---|---|---|---|
| 008 | 160711b xxu||||| |||| 00| 0 eng d | ||
| 020 | _a978-85-7473-327-2 | ||
| 080 | _a658.534 | ||
| 100 | _aFusco.Jose Paulo Alves | ||
| 245 |
_aOperacoes e gestao estrategica da pruducao _cJose Paulo Alves Fusco e Jose Benedito Sacomano |
||
| 250 | _as.ed | ||
| 260 |
_aSao Paulo _bArte & Ciencia _c2007 |
||
| 300 |
_a358p _b _c _e _f _g |
||
| 650 | _agestao | ||
| 942 |
_2udc _cBK |
||
| 999 |
_c37566 _d37566 |
||